Reforma constitucional, Asamblea Constituyente y control judicial: Honduras (2009), Ecuador (2007) y Venezuela (1999) (Record no. 26606)

MARC details
000 -LEADER
fixed length control field 00997nam a22002657a 4500
005 - DATE AND TIME OF LATEST TRANSACTION
control field 20150124122810.0
008 - FIXED-LENGTH DATA ELEMENTS--GENERAL INFORMATION
fixed length control field 140905t ck||||| |||| 00| 0 spa d
020 ## - INTERNATIONAL STANDARD BOOK NUMBER
International Standard Book Number 9789587104363
050 04 - LIBRARY OF CONGRESS CALL NUMBER
Classification number KG548
Item number B74 2009
100 1# - MAIN ENTRY--PERSONAL NAME
Personal name Brewer-Carias, Allan R.
245 10 - TITLE STATEMENT
Title Reforma constitucional, Asamblea Constituyente y control judicial: Honduras (2009), Ecuador (2007) y Venezuela (1999)
Statement of responsibility, etc / Allan R. Brewer-Carias
250 ## - EDITION STATEMENT
Edition statement 1a ed.
260 ## - PUBLICATION, DISTRIBUTION, ETC. (IMPRINT)
Place of publication, distribution, etc Bogotá :
Name of publisher, distributor, etc Universidad Externado de Colombia,
Date of publication, distribution, etc 2009
300 ## - PHYSICAL DESCRIPTION
Extent 144 p. ;
Dimensions 21 cm.
490 0# - SERIES STATEMENT
Series statement Derecho Administrativo
Volume number/sequential designation no. 7
504 ## - BIBLIOGRAPHY, ETC. NOTE
Bibliography, etc Incluye bibliografía
506 ## - RESTRICTIONS ON ACCESS NOTE
Terms governing access Bib. Med. ISO 2011
650 #7 - SUBJECT ADDED ENTRY--TOPICAL TERM
Source of heading or term Lemb
Topical term or geographic name as entry element Derecho constitucional
Geographic subdivision Honduras
650 #7 - SUBJECT ADDED ENTRY--TOPICAL TERM
Source of heading or term Lemb
Topical term or geographic name as entry element Derecho constitucional
Geographic subdivision Ecuador
650 #7 - SUBJECT ADDED ENTRY--TOPICAL TERM
Source of heading or term Lemb
Topical term or geographic name as entry element Derecho constitucional
Geographic subdivision Venezuela
650 #7 - SUBJECT ADDED ENTRY--TOPICAL TERM
Source of heading or term Lemb
Topical term or geographic name as entry element Asamblea constituyente
Geographic subdivision Honduras
650 #7 - SUBJECT ADDED ENTRY--TOPICAL TERM
Source of heading or term Lemb
Topical term or geographic name as entry element Asamblea constituyente
Geographic subdivision Ecuador
650 #4 - SUBJECT ADDED ENTRY--TOPICAL TERM
Source of heading or term Lemb
Topical term or geographic name as entry element Asamblea constituyente
Geographic subdivision Venezuela
942 ## - ADDED ENTRY ELEMENTS (KOHA)
Source of classification or shelving scheme Biblioteca del Cogreso de los Estados Unidos
Koha item type Libro
Holdings
Estado de pérdida Fuente de clasificación Estado del daño No para préstamo Ubicación permanente Ubicación actual Apartado o colección Fecha de adquisición Fuente de adquisición Área del conocimiento Clasificación Código de Barras Date last seen Número de copia Tipo de recurso
  Biblioteca del Cogreso de los Estados Unidos     Biblioteca de la Facultad de Derecho-Anexo Revillagigedo Biblioteca de la Facultad de Derecho-Anexo Revillagigedo General 05/09/2014     KG548 B74 2009 FDAR000000275 16/01/2015 1 Libro
  Biblioteca del Cogreso de los Estados Unidos     Biblioteca de la Facultad de Derecho-Anexo Revillagigedo Biblioteca de la Facultad de Derecho-Anexo Revillagigedo General 05/09/2014     KG548 B74 2009 FDAR000000276 16/01/2015 2 Libro